000
00246nam a22001217a 4500
040
_c
SK
082
_a
639
100
_a
TAIVO LAEVASTU
245
_a
Fisheries oceanography and ecology
260
_a
USA
_b
TAI
_c
1981
300
_a
199p.
942
_c
EK
999
_c
9667
_d
9667